Ignite Me (Record no. 369885)

MARC details
000 -LEADER
fixed length control field 00220 a2200109 4500
005 - DATE AND TIME OF LATEST TRANSACTION
control field 20260114115253.0
020 ## - INTERNATIONAL STANDARD BOOK NUMBER
International Standard Book Number 9780603580673
100 ## - MAIN ENTRY--PERSONAL NAME
Personal name Mafi T.
9 (RLIN) 216344
245 ## - TITLE STATEMENT
Title Ignite Me
260 ## - PUBLICATION, DISTRIBUTION, ETC. (IMPRINT)
Name of publisher, distributor, etc. Dean
Date of publication, distribution, etc. 2021
942 ## - ADDED ENTRY ELEMENTS (KOHA)
Koha item type Article

No items available.